| 000 | 00407nam a2200157Ia 4500 | ||
|---|---|---|---|
| 008 | 250916s9999 xx 000 0 und d | ||
| 020 | _a978-0-357-13400-9 | ||
| 082 | _a339 GWA | ||
| 100 | _aGwartney, James D. | ||
| 245 | 0 |
_aMacroeconomics: _bprivate and public choice |
|
| 250 | _a17th | ||
| 260 |
_aAustralia: _bCENGAGE Learning, _c2022 |
||
| 300 | _a512 p. | ||
| 600 | _aSocial Sciences | ||
| 942 | _cBK | ||
| 999 |
_c31619 _d31619 |
||